000 00697cam a2200157 4500500
005 20260405003215.0
041 _afre
042 _adc
100 1 0 _aLado, Ludovic
_eauthor
245 0 0 _aL'imagination africaine de l'Occident
260 _c2005.
500 _a71
520 _aRésumé« Sortir du pays » pour aller se « débrouiller chez les Blancs » est devenu un rêve pour beaucoup de jeunes Africains frustrés par des situations socio-politiques désolantes. L’étranger représente l’espace de l’espoir.
786 0 _nÉtudes | 403 | 7 | 2005-07-01 | p. 17-27 | 0014-1941
856 4 1 _uhttps://shs.cairn.info/revue-etudes-2005-7-page-17?lang=fr&redirect-ssocas=7080
999 _c2065370
_d2065370